<?xml version="1.0" encoding="UTF-8"?>
<record
    xmlns:xsi="http://www.w3.org/2001/XMLSchema-instance"
    xsi:schemaLocation="http://www.loc.gov/MARC21/slim http://www.loc.gov/standards/marcxml/schema/MARC21slim.xsd"
    xmlns="http://www.loc.gov/MARC21/slim">

  <leader>01032nam a2200289 a 4500</leader>
  <controlfield tag="001">76823</controlfield>
  <controlfield tag="003">BD-RjUL</controlfield>
  <controlfield tag="005">20211209082907.0</controlfield>
  <controlfield tag="008">960418s1864    enk           001 0 eng d</controlfield>
  <datafield tag="035" ind1=" " ind2=" ">
    <subfield code="a">(BD-RjUL)77047</subfield>
  </datafield>
  <datafield tag="040" ind1=" " ind2=" ">
    <subfield code="a">BD-RjUL</subfield>
    <subfield code="b">eng</subfield>
    <subfield code="c">BD-RjUL</subfield>
  </datafield>
  <datafield tag="041" ind1=" " ind2=" ">
    <subfield code="a">eng</subfield>
  </datafield>
  <datafield tag="082" ind1=" " ind2=" ">
    <subfield code="2">23</subfield>
    <subfield code="a">809</subfield>
    <subfield code="b">HAI V-1-4 1864</subfield>
  </datafield>
  <datafield tag="100" ind1="1" ind2=" ">
    <subfield code="a">Hallam, Henry,</subfield>
    <subfield code="d">1777-1859.</subfield>
    <subfield code="9">238094</subfield>
  </datafield>
  <datafield tag="245" ind1="1" ind2="0">
    <subfield code="a">Introduction to the literature of Europe, in the fifteenth, sixteenth, and seventeenth centuries /</subfield>
    <subfield code="c">by Henry Hallam</subfield>
  </datafield>
  <datafield tag="250" ind1=" " ind2=" ">
    <subfield code="a">7th ed.</subfield>
  </datafield>
  <datafield tag="260" ind1=" " ind2=" ">
    <subfield code="a">London :</subfield>
    <subfield code="b">Murray,</subfield>
    <subfield code="c">1864</subfield>
  </datafield>
  <datafield tag="300" ind1=" " ind2=" ">
    <subfield code="a"> v. :</subfield>
    <subfield code="b">port. ;</subfield>
    <subfield code="c">18 cm</subfield>
  </datafield>
  <datafield tag="500" ind1=" " ind2=" ">
    <subfield code="a">"Memoir of Mr. Hallam, by The Very Rev. Dean Milman", v. 1, p. [xv]-xxii</subfield>
  </datafield>
  <datafield tag="500" ind1=" " ind2=" ">
    <subfield code="a">Each volumes has separate contents pages</subfield>
  </datafield>
  <datafield tag="500" ind1=" " ind2=" ">
    <subfield code="a">Includes index at the end of v. 4</subfield>
  </datafield>
  <datafield tag="500" ind1=" " ind2=" ">
    <subfield code="a">"in four volumes ; with portrait '</subfield>
  </datafield>
  <datafield tag="505" ind1="0" ind2=" ">
    <subfield code="a">Voi. 1 -- v. 2 -- v. 4</subfield>
  </datafield>
  <datafield tag="650" ind1=" " ind2="0">
    <subfield code="a">Literature, Modern</subfield>
    <subfield code="x">History and criticism</subfield>
    <subfield code="9">238095</subfield>
  </datafield>
  <datafield tag="651" ind1=" " ind2="0">
    <subfield code="a">Europe</subfield>
    <subfield code="x">Literature</subfield>
    <subfield code="x">History and criticism</subfield>
    <subfield code="9">238096</subfield>
  </datafield>
  <datafield tag="942" ind1=" " ind2=" ">
    <subfield code="2">ddc</subfield>
    <subfield code="c">RAR</subfield>
  </datafield>
  <datafield tag="999" ind1=" " ind2=" ">
    <subfield code="c">76823</subfield>
    <subfield code="d">76823</subfield>
  </datafield>
  <datafield tag="952" ind1=" " ind2=" ">
    <subfield code="0">0</subfield>
    <subfield code="1">0</subfield>
    <subfield code="2">ddc</subfield>
    <subfield code="4">0</subfield>
    <subfield code="7">1</subfield>
    <subfield code="8">RARE</subfield>
    <subfield code="a">RUCL</subfield>
    <subfield code="b">RUCL</subfield>
    <subfield code="c">Rare</subfield>
    <subfield code="d">1960-05-13</subfield>
    <subfield code="e">Puthia Raj Estate</subfield>
    <subfield code="l">0</subfield>
    <subfield code="o">RA 809 HAI V-1 1864</subfield>
    <subfield code="r">2020-01-22 00:00:00</subfield>
    <subfield code="t">C-1</subfield>
    <subfield code="w">2021-12-09</subfield>
    <subfield code="y">RAR</subfield>
  </datafield>
  <datafield tag="952" ind1=" " ind2=" ">
    <subfield code="0">0</subfield>
    <subfield code="1">0</subfield>
    <subfield code="2">ddc</subfield>
    <subfield code="4">0</subfield>
    <subfield code="7">1</subfield>
    <subfield code="8">RARE</subfield>
    <subfield code="a">RUCL</subfield>
    <subfield code="b">RUCL</subfield>
    <subfield code="c">Rare</subfield>
    <subfield code="d">1960-05-13</subfield>
    <subfield code="e">Puthia Raj Estate</subfield>
    <subfield code="l">0</subfield>
    <subfield code="o">RA 809 HAI V-2 1864</subfield>
    <subfield code="r">2020-01-22 00:00:00</subfield>
    <subfield code="t">C-1</subfield>
    <subfield code="w">2021-12-09</subfield>
    <subfield code="y">RAR</subfield>
  </datafield>
  <datafield tag="952" ind1=" " ind2=" ">
    <subfield code="0">0</subfield>
    <subfield code="1">0</subfield>
    <subfield code="2">ddc</subfield>
    <subfield code="4">0</subfield>
    <subfield code="7">1</subfield>
    <subfield code="8">RARE</subfield>
    <subfield code="a">RUCL</subfield>
    <subfield code="b">RUCL</subfield>
    <subfield code="c">Rare</subfield>
    <subfield code="d">1960-05-13</subfield>
    <subfield code="e">Puthia Raj Estate</subfield>
    <subfield code="l">0</subfield>
    <subfield code="o">RA 809 HAI V-4 1864</subfield>
    <subfield code="r">2020-01-22 00:00:00</subfield>
    <subfield code="t">C-1</subfield>
    <subfield code="w">2021-12-09</subfield>
    <subfield code="y">RAR</subfield>
  </datafield>
</record>
